| 000 | 00758nam a2200229 a 4500 | ||
|---|---|---|---|
| 003 | DO-SdBNP | ||
| 005 | 20221102130509.0 | ||
| 007 | ta | ||
| 008 | 221102e2022 dr aoc|gr|||| 001 e spa d | ||
| 020 | _a9789945935509 | ||
| 040 |
_aDO-SdBNP _bspa _cBNPHU |
||
| 082 | 4 |
_222 _bG182m |
|
| 245 | 1 | 0 |
_aMi caminar con Dios. / _cPatricia E. Abreu |
| 260 |
_a[Santo Domingo] : _bLight Desing, _c2022 |
||
| 300 |
_a168 p. : _bil., fotogr., retr. ; _c23 cm. |
||
| 590 | _aInventariado 2022 / MF | ||
| 650 | 4 |
_982219 _aReligión _xTestimonio de fe _zRepública Dominicana |
|
| 650 | 4 |
_915864 _aVida Religiosa _vTestimonio de fe _xRepública Dominicana |
|
| 650 | 0 |
_963195 _aVidas Crisitianas _vTestimonio de fe _xRepública Dominicana |
|
| 910 | _aMFeliz | ||
| 942 |
_2ddc _cLBS1 |
||
| 999 |
_c52738 _d52738 |
||